00954cam a22002534a 45000010009000000050017000090080041000260100017000670200018000840200015001020400018001170430012001350500027001472450049001742500012002232600058002353000042002936300039003356500039003746500051004137300039004648560106005038560091006091521435520170207153323.0080311s2008 moua 000 0 eng  a 2008924737 a9780740777509 a0740777505 aDLCcDLCdDLC an-us---00aNC1428 b .N47N49 200804aThe New Yorker cartoon caption contest book. a1st ed. aKansas City, Mo. :bAndrews McMeel Pub., LLC,cc2008. a202 p. :bchiefly ill. ;c21 x 26 cm.00aNew Yorker (New York, N.Y. : 1925) 0aAmerican wit and humor, Pictorial. 0aCartoon captionsxCompetitionszUnited States.0 aNew Yorker (New York, N.Y. : 1925)423Contributor biographical informationuhttp://www.loc.gov/catdir/enhancements/fy0833/2008924737-b.html423Publisher descriptionuhttp://www.loc.gov/catdir/enhancements/fy0833/2008924737-d.html